| 000 | 00507nam a2200169 4500 | ||
|---|---|---|---|
| 001 | 145061 | ||
| 003 | ES-MaACL | ||
| 005 | 20230906201145.0 | ||
| 007 | t| | ||
| 008 | 070214s1960 sp r ||||1| spa d | ||
| 100 | 1 |
_aSoto, Lucas. _9107494 |
|
| 245 | 1 | 3 |
_aEl canario y demás aves canoras de jaula _b: cría, caza, domesticación / _cLucas Soto. |
| 250 | _a4ª. ed. rev. y ampl. | ||
| 260 |
_aBarcelona : _bSintes, _c1960. |
||
| 300 |
_a308 p. : _bil. ; _c21 cm. |
||
| 852 |
_aES-MaACL _jC-19838 _bR.47684 |
||
| 999 |
_c145061 _d145061 |
||